000 00808nam a2200253 a 4500
001 58920
003 BD-RjUL
005 20211209080654.0
008 161220r1954 nyu 001 0 eng d
020 _a0043300863 (cased)
020 _a0043303765 (pbk)
035 _a(BD-RjUL)59044
040 _aUKM
_cUKM
_beng
_dBD-RjUL
041 _aeng
082 _223
_a330.09
_bSCH 1954
100 1 _aSchumpeter, Joseph A.,
_d1883-1950.
_9175199
245 1 0 _aHistory of economic analysis /
_cby Joseph A. Schumpeter ; edited from manuscript by Elizabeth Boody Schumpeter
260 _aNew York :
_bOxford University Press,
_cc1954.
300 _axxv, 1260 p. ;
_c24 cm.
500 _aIncludes index.
650 0 _aEconomics
_xHistory
_9172699
700 1 _aSchumpeter, Elizabeth Boody.
_9175200
942 _2ddc
_cBK
999 _c58920
_d58920